000 00613nam a2200229Ia 4500
003 OSt
005 20221007071757.0
006 a|||||r|||| 00| 0
007 ta
008 221006b |||||||| |||| 00| 0 eng d
024 _a14,609
037 _cTextual
040 _aFLL
_cFLL
_beng
041 _2eng
_aeng
082 _aX:6.3N77t, L7.4
245 0 _aEvidence on the financing of industry and trade
260 _aLondon
_bHer Majesty's Stationery Office London
_c1977
300 _a148p
_ccm.
490 _vVol. 4
942 _hX:6.3N77t, L7.4
_cTEXL
_2CC
999 _c1144292
_d1144292